Latinoamérica envejece: visión gerontológica y geriátrica (Registro nro. 3668)
[ vista simple ]
| 000 -CABECERA | |
|---|---|
| campo de control de longitud fija | 00772nam a22002537a 4500 |
| 005 - FECHA Y HORA DE ACTUALIZACIÓN | |
| campo de control | 20231005173349.0 |
| 008 - LONGITUD FIJA | |
| campo de control de longitud fija | 150304b2007 xxu||||| |||| 00| 0 spa d |
| 041 ## - IDIOMA | |
| Código de idioma del texto/pista de sonido o título separado | Español |
| 082 ## - CLASIFICACIÓN DECIMAL DEWEY | |
| Número de clasificación | 305.26 T866L |
| 100 ## - AUTOR PERSONAL | |
| Nombre de persona | Trujillo de los Santos, Zoila |
| 100 ## - AUTOR PERSONAL | |
| Nombre de persona | Becerra Pino, Margarita |
| 100 ## - AUTOR PERSONAL | |
| Nombre de persona | Rivas Vera, María |
| 245 ## - TÍTULO PROPIAMENTE DICHO | |
| Título | Latinoamérica envejece: visión gerontológica y geriátrica |
| 260 ## - PIE DE IMPRENTA | |
| Lugar de publicación, distribución, etc. | México |
| Nombre del editor, distribuidor, etc. | McGraw-Hill |
| Fecha de publicación, distribución, etc. | 2007 |
| 300 ## - DESCRIPCIÓN FÍSICA | |
| Extensión | 428 páginas |
| 650 ## - Materia General | |
| Materia general | GERONTOLOGIA |
| 650 ## - Materia General | |
| Materia general | GERIATRIA |
| 650 ## - Materia General | |
| Materia general | LATINOAMERICA |
| 650 ## - Materia General | |
| Materia general | ENVEJECIMIENTO POBLACIONAL |
| 650 ## - Materia General | |
| Materia general | PSICOLOGIA GERIATRICA |
| 650 ## - Materia General | |
| Materia general | SOCIOLOGIA DEL EVEJECIMIENTO |
| 650 ## - Materia General | |
| Materia general | COSTA RICA |
| 942 ## - Punto de Acceso Adicional Koha | |
| Tipo de ítem Koha | Libro |
| Estado perdido | Estado dañado | No para préstamo | Biblioteca permanente | Biblioteca actual | Signatura completa | Código de barras | Precio efectivo a partir del | Tipo de ítem |
|---|---|---|---|---|---|---|---|---|
| Departamento de Biblioteca y Documentación Alfonso Chase Brenes | Departamento de Biblioteca y Documentación Alfonso Chase Brenes | 305.26 T866L | 18594 | 22/08/2016 | Libro |